Návrh, výroba a montáž pomocného rámu na odpadové autá

Saved in:
Bibliographic Details
Main Author: Gažovič, Dušan (Author)
Other Authors: Václav, Štefan (Thesis advisor)
Format: Manuscript Book
Language:Slovak
Published: 2025
Subjects:
Online Access:http://is.stuba.sk/zp/portal_zp.pl?podrobnosti=183989
Tags: Add Tag
No Tags, Be the first to tag this record!

MARC

LEADER 00000ntm a22000003a 4500
001 stuzp104187
003 SK-STU
005 20250614212728.3
007 ta
008 150427s2015----xo-----f-mn---000-0-slo-d
040 |a STU  |b slo 
041 0 |a slo 
100 1 |a Gažovič, Dušan  |u 063000  |4 aut  |U MTF Materiálovotechnologická fakulta  |T MTF Ústav výrobných technológií  |X 103248  |U M3000  |Y 83  |7 103248 
242 0 1 |a Design, manufacture and assembly of auxiliary frame for refuse trucks  |y eng 
245 1 0 |a Návrh, výroba a montáž pomocného rámu na odpadové autá 
260 |c 2025 
650 4 |a KAISER  |2 eng 
650 4 |a FEA analysis  |2 eng 
650 4 |a drawing documentation  |2 eng 
650 4 |a assembly  |2 eng 
650 4 |a Solid Edge  |2 eng 
650 4 |a CAD  |2 eng 
650 4 |a waste vehicle  |2 eng 
650 4 |a subframe  |2 eng 
650 4 |a KAISER  |2 slo 
650 4 |a výkresová dokumentácia  |2 slo 
650 4 |a odpadové vozidlo  |2 slo 
650 4 |a Solid Edge  |2 slo 
650 4 |a FEA analýza  |2 slo 
650 4 |a montáž  |2 slo 
650 4 |a CAD  |2 slo 
650 4 |a pomocný rám  |2 slo 
700 1 |a Václav, Štefan  |u 063600  |k Z1  |4 ths  |U MTF Ústav výrobných technológií  |T MTF Katedra obrábania a tvárnenia  |X 2778  |U M3600  |Y 841  |7 A000002778 
856 4 |u http://is.stuba.sk/zp/portal_zp.pl?podrobnosti=183989 
996 |c M* DP-15526  |l MMSKP  |s P  |a 0  |w stuzp104187_0001